| 000 | 00854cab a2200205 4500 | ||
|---|---|---|---|
| 001 | WB2517-26 | ||
| 008 | 090401t1989 xxu||||| |||| 00| 0 eng d | ||
| 035 | _a(Sirsi) u24202 | ||
| 041 | _aeng | ||
| 245 | _aBuilding Societies | ||
| 260 | _c1989 | ||
| 350 | _a0 | ||
| 490 |
_aGuardian _v3/5/89 pp14-18(4) LOAN |
||
| 520 | _aSurvey on building societies examines their diversification; law reform will enable societies to offer conveyancing services. Shows how the larger organisations are weathering the storm of a depressed housing market after last year`s heavy investment in estate agency chains. Looks at the correlation between high interest rates and repossessions and includes a section on securitisation . | ||
| 650 | _aABBEY NATIONAL | ||
| 650 | _aFLOTATION | ||
| 690 | _aPROPERTY LAW AND PRACTICE | ||
| 942 | _n0 | ||
| 948 | _c04/03/1997 | ||
| 999 |
_c16218 _d16218 |
||